বঙ্কিম চন্দ্র অন্য ভাবনায়। (Record no. 4433)
[ view plain ]
| 000 -LEADER | |
|---|---|
| fixed length control field | 00353nam a2200121Ia 4500 |
| 008 - FIXED-LENGTH DATA ELEMENTS--GENERAL INFORMATION | |
| fixed length control field | 151213s9999 xx 000 0 und d |
| 245 ## - TITLE STATEMENT | |
| Title | বঙ্কিম চন্দ্র অন্য ভাবনায়। |
| 260 ## - PUBLICATION, DISTRIBUTION, ETC. (IMPRINT) | |
| Place of publication, distribution, etc. | ঢাকা |
| Name of publisher, distributor, etc. | স্রজন। |
| Date of publication, distribution, etc. | 2004 |
| 300 ## - PHYSICAL DESCRIPTION | |
| Extent | 8646 p. |
| 650 ## - SUBJECT ADDED ENTRY--TOPICAL TERM | |
| Topical term or geographic name as entry element | Bangla |
| 650 ## - SUBJECT ADDED ENTRY--TOPICAL TERM | |
| Topical term or geographic name as entry element | গল্প। |
No items available.
